|
|
|
|
| LEADER |
00000nam a22000005a 4500 |
| 001 |
vtls011634607 |
| 003 |
SK-MaSNL |
| 005 |
20260301094654.0 |
| 008 |
240318s2016 xr a f 000 0 cze |
| 020 |
|
|
|a 9788086803388
|q (viaz.)
|
| 035 |
|
|
|a urn:nbn:sk:snk-am00cz5e
|
| 035 |
|
|
|a urn:nbn:sk:snk-am3hg5a
|
| 035 |
|
|
|a D4D4B0B4-81FD-4923-BD49-74EEB07C39D2
|
| 040 |
|
|
|a SNK
|b slo
|c SNK
|e AACR2
|
| 041 |
1 |
|
|a cze
|h slo
|
| 044 |
|
|
|a xr
|c CZ
|
| 100 |
1 |
|
|a Hoffstädter, Jana H.,
|d 1980-
|4 aut
|9 172312
|
| 245 |
1 |
0 |
|a Cesta na svět
|c Jana H. Hoffstädter ; ilustrace Petra Lukovicsová ; [ze slovenského originálu přeložil Ondřej Kavalír]
|
| 250 |
|
|
|a 1. vyd.
|
| 260 |
|
|
|a V Praze
|b Labyrint
|b Raketa
|c 2016
|
| 300 |
|
|
|a 120 s.
|b ilustr.
|c 20 cm
|
| 655 |
|
7 |
|a populárno-náučné publikácie
|2 SNKPH
|9 70460
|
| 655 |
|
7 |
|a Popular works
|2 SNKPHeng
|9 90287
|
| 655 |
|
7 |
|a Children's literature
|2 SNKPHeng
|9 276039
|
| 655 |
|
7 |
|a publikácie pre deti
|2 SNKPH
|9 70148
|
| 700 |
1 |
|
|a Lukovicsová, Petra,
|d 1980-
|4 ill
|9 172313
|
| 700 |
1 |
|
|a Kavalír, Ondřej,
|d 1980-
|4 trl
|9 428832
|
| 919 |
|
|
|a 978-80-86803-38-8
|
| 999 |
|
|
|c 680992
|d 682922
|
| 952 |
|
|
|a SNK
|b SNK
|y PREZ
|7 0
|p 17A1260240
|o snkSD 86361
|i snk2017/14626
|8 4
|g 9.71
|0 0
|1 0
|4 0
|d 2017-06-06
|f 1
|l 0
|r 2026-02-23 19:56:29
|w 2026-02-23
|